| 000 | 00596nam a2200169Ia 4500 | ||
|---|---|---|---|
| 008 | 090711s9999 xx 000 0 und d | ||
| 082 | _b37204 | ||
| 100 | _aठक्कर के. एSा. | ||
| 245 | _aअर्थशास्त्राSाी मूलतत्वे | ||
| 260 | _c1974 | ||
| 300 | _a478 | ||
| 600 | _aठक्कर के. एSा. | ||
| 630 | _aअर्थशास्त्राSाी मूलतत्वे | ||
| 700 | _aठक्कर के. एSा. | ||
| 730 | _aअर्थशास्त्राSाी मूलतत्वे | ||
| 942 | _cBOOK | ||
| 999 |
_c293589 _d293589 |
||